City by Cathedral - Statistics

General Stats
  • This quiz has been taken 77 times
  • The average score is 8 of 16
Answer Stats
Picture Answer % Correct
Moscow
99%
Paris
99%
Milan
91%
London
90%
Cologne
81%
New York
67%
Mexico City
60%
Brasilia
54%
Seville
36%
Sydney
25%
Antwerp
19%
New Delhi
19%
Oslo
16%
Cusco
10%
Addis Ababa
9%
Guangzhou
6%
No matching quizzes found
Score Distribution
Percent of People with Each Score
Percentile by Number Answered
Your Score History
You have not taken this quiz